ბათუმის შოთა რუსთაველის სახელმწიფო უნივერსიტეტის ბიბლიოთეკა

ვსთქვი დავით = სიბრძნის წყარო : (ბიბ.ჩანაწერი № 40327)

000 -ლიდერი
ფიქსირებული სიგრძის საკონტროლო ველი 01411nam a2200289Ia 4500
001 - საკონტროლო ნომერი
საკონტროლო ველი 6935
003 - საკონტროლო ნომრის იდენტიფიკატორი
საკონტროლო ველი GE_BSU
005 - ბოლო ოპერაციის თარიღი და დრო
საკონტროლო ველი 20200219115345.0
008 - ფიქსირებული სიგრძის მონაცემთა ელემენტები - ზოგადი ინფორმაცია
ფიქსირებული სიგრძის საკონტროლო ველი 181216s1990||||ge |||||||||||||| ||geo||
020 ## - წიგნის საერთაშორისო სტანდარტული ნომერი
International Standard Book Number 5505014186
040 ## - კატალოგიზაციის წყარო
Transcribing agency GE_BSU
041 ## - ენის კოდი
Language code of text/sound track or separate title geo
080 ## - უნივერსალური ათობითი კლასიფიკაციის ინდექსი
Universal Decimal Classification number 821.353.1-84 გ-97
100 ## - მთავარი ჩანაწერი - პიროვნების სახელი
Personal name გურამიშვილი, დავით.
9 (RLIN) 6973
245 ## - ცნობა სათაურის შესახებ
Title ვსთქვი დავით = სიბრძნის წყარო :
Remainder of title აფორიზმები, კალამბურები სენტენციები, სხარტული, შეგონებანი /
Statement of responsibility, etc დავით გურამიშვილი ; რედ. სარგის ცაიშვილი ; შემდგ. გ. ბოჯგუა.
264 ## - წარმოების, გამოცემის, დისტრიბუციის და სხვა ცნობები
გამოცემის, წარმოების, დისტრიბუციის... ადგილი თბილისი :
გამოცემის, წარმოების, დისტრიბუციის... სახელწოდება განათლება,
გამოცემის, წარმოების, დისტრიბუციის... თარიღი 1990.
300 ## - ფიზიკური აღწერა
Extent 102 გვ. ;
Dimensions 10 სმ.
653 ## - INDEX TERM--UNCONTROLLED
Uncontrolled term ვსთქვი დავით
653 ## - INDEX TERM--UNCONTROLLED
Uncontrolled term სიბრძნის წყარო
653 ## - INDEX TERM--UNCONTROLLED
Uncontrolled term შეგონებანი
653 ## - INDEX TERM--UNCONTROLLED
Uncontrolled term აფორიზმები
653 ## - INDEX TERM--UNCONTROLLED
Uncontrolled term სხარტული
653 ## - INDEX TERM--UNCONTROLLED
Uncontrolled term კალამბურები სენტენციები
700 ## - ADDED ENTRY--PERSONAL NAME
Personal name ცაიშვილი, სარგის
Relator term რედაქტორი
9 (RLIN) 5577
700 ## - ADDED ENTRY--PERSONAL NAME
Personal name ბოჯგუა, გ.
Relator term შემდგენელი
9 (RLIN) 7163
942 ## - ADDED ENTRY ELEMENTS (KOHA)
Koha item type წიგნი
Source of classification or shelving scheme
ეგზემპლარები
ჩამოწერის სტატუსი დაკარგული ეგზემპლარის სტატუსი კლასიფიკაციის წყარო ან თაროზე გაწყობის სქემა დაზიანების სტატუსი არ გაიცემა მუდმივი მდებარეობა (დაცვის ადგილი) ამჟამინდელი ადგილსამყოფელი თაროზე განთავსების ადგილი შეძენის თარიღი ღირებულება, შესყიდვის ნორმალური ფასი სრული შენახვის შიფრი შტრიხკოდი ბოლო ოპერაციის თარიღი ეგზემპლარის მიმდევრობითი ნომერი (კეტერი?) ფასის ძალაში შესვლის თარიღი ეგზემპლარის სახეობა საჯარო შენიშვნა
          ბათუმის შოთა რუსთაველის სახელმწიფო უნივერსიტეტის მთავარი ბიბლიოთეკა ბათუმის შოთა რუსთაველის სახელმწიფო უნივერსიტეტის მთავარი ბიბლიოთეკა წიგნსაცავი 2018-12-17 12.00 821.353.1-84 გ-97 15000 2018-12-17 15000 2018-12-17 წიგნი 12.00 ლ.